Seguridad, desarrollo y gasto militar /
Furkejuvvon:
| Váldodahkki: | |
|---|---|
| Materiálatiipa: | Texto |
| Fáddágilkorat: |
Lasit fáddágilkoriid
Eai fáddágilkorat, Lasit vuosttaš fáddágilkora!
|
MARC
| LEADER | 00000 a a2200000 04500 | ||
|---|---|---|---|
| 001 | 4986 | ||
| 003 | |||
| 040 | |||
| 100 | |a Martínez Uribe, Antonio | ||
| 245 | |a Seguridad, desarrollo y gasto militar / |c Antonio Martínez Uribe | ||
| 773 | |g número 38; páginas 11-13 | ||
| 999 | |c 26204 |d 26204 | ||
